Loading...
Premchand aur yugin sansthayem/
| Main Author: | |
|---|---|
| Format: | Printed Book |
| Published: |
Delhi:
Shabdasrishti,
2010.
|
| LEADER | 00366 a2200109 4500 | ||
|---|---|---|---|
| 100 | |a Devendra Kumar Gupta | ||
| 245 | |a Premchand aur yugin sansthayem/ |c Devendra Kumar Gupta | ||
| 260 | |a Delhi: |b Shabdasrishti, |c 2010. | ||
| 300 | |a 127p. | ||
| 942 | |2 ddc |c BK | ||
| 999 | |c 242207 |d 242207 | ||
| 952 | |0 0 |1 0 |4 0 |7 0 |9 268728 |a HIN |b HIN |c ST1 |d 2012-01-03 |i 22108 |l 0 |p HIN22108 |r 2014-02-07 |w 2014-02-07 |y BK | ||